Arsenal 2020s Champions League Scorers - Statistics

General Stats
  • This quiz has been taken 63 times
  • The average score is 13 of 15
Answer Stats
Goals Nationality Player % Correct
10 English Bukayo Saka
100%
4 English Declan Rice
97%
4 Brazilian Gabriel Jesus
97%
5 Norwegian Martin Odegaard
97%
4 Brazilian Gabriel Martinelli
95%
6 Belgian Leandro Trossard
95%
1 Brazilian Gabriel Magalhaes
93%
5 German Kai Havertz
93%
1 Ukrainian Oleksandr Zinchenko
93%
1 Italian Riccardo Calafiori
92%
2 Spanish Mikel Merino
87%
1 Dutch Jurrien Timber
85%
2 Italian Jorginho
83%
2 English Ethan Nwaneri
58%
1 English Eddie Nketiah
45%
No matching quizzes found
Score Distribution
Percent of People with Each Score
Percentile by Number Answered
Your Score History
You have not taken this quiz